Statistics for FC Metz Squad 2023-2024

Click here to take the quiz!

General Stats

  • This quiz has been taken 15 times
    (11 since last reset)
  • The average score is 24 of 33

Answer Stats

#PositionNationPlayer% Correct
16GKAlgeriaAlexandre Oukidja
100%
10FWGeorgiaGeorges Mikautadze
100%
8DFIvory CoastIsmaël Traoré
100%
36FWGambiaAblie Jallow
89%
29DFMartiniqueChristophe Hérelle
89%
27MFHaitiDanley Jean Jacques
89%
5DFGuinea-BissauFali Candé
89%
99FWSwedenJoel Asoro
89%
6MFFranceKévin N'Doram
89%
18MFSenegalLamine Camara
89%
3DFFranceMatthieu Udol
89%
2DFFranceMaxime Colin
89%
25MFFranceArthur Atta
78%
14FWSenegalCheikh Sabaly
78%
37FWSenegalIbou Sané
78%
-CoachRomaniaLászló Bölöni
78%
38DFSenegalSadibou Sané
78%
17FWGhanaBenjamin Tetteh
67%
1GKFranceGuillaume Dietsch
67%
19MFIvory CoastHabib Maïga
67%
22DFAlgeriaKevin Van Den Kerkhof
67%
39DFIvory CoastKoffi Kouao
67%
30GKFranceMarc-Aurèle Caillard
67%
9FWColombiaÓscar Estupiñán
67%
7FWSenegalPapa Amadou Diallo
67%
11FWCameroonDidier Lamkel Zé
56%
34MFFranceJoseph Nduquidi
56%
20MFBelgiumSami Lahssaini
56%
11FWFranceSimon Elisor
56%
15DFSenegalAbou Lô
44%
26FWSenegalMalick Mbaye
44%
21MFIvory CoastJean N'Guessan
33%
12FWCongoWarren Tchimbembé
22%

Score Distribution

Percentile by Number Answered

Percent of People with Each Score

Your Score History

You have not taken this quiz since the last reset